000
00276nam a2200121Ia 4500
008
190216s9999||||xx |||||||||||||| ||und||
100
_a
Uroob
245
0
_a
Kunjammayum Koottukarum
260
_b
Publications Division
_c
1997
300
_a
108p
650
_a
Novel
942
_c
BK
999
_c
27631
_d
27631